000 02525cam a22002174a 4500
005 20250605163955.0
008 250528s ||||||||||||||||||||||||d
035 _a15457
020 _a803935315
040 _aGR-AtMCL
_bgre
_dGR-AtMCL
_eAACR2
245 1 _aOrganizations and Communication Technology
260 _bSage Publications,
_c1990
300 _a328
505 0 _aPreface, Theorizing About Information Technology in Organizations, The Theory Imperative, Two Views of Information Technology and Tasks and Organizations, Conceptualizing Information Technology as Organization and Vice Versa, Individual Interactions with Information Technology in the Organizational Context, Understanding Managers' Media Choices: A Symbolic Interactionist Perspective, Opportunities for Strategic Information Manipulation Through New Information Technology, A Social Influence Model of Technology Use, Information Technology and Collective Behaviors, Communication Networks and New Media in Organizations, Understanding the Use of Group Decision Support Systems: The Theory of Adaptive Structuration, Toward a ''Critical Mass Theory of Interactive Media, Information Technology and Organizational Design, The Substitution of Communication Technologies for Organizational Structure in Research and Development, Telecommunications and Organizational Choice, Author and Subject Index.
520 _aPreface, Theorizing About Information Technology in Organizations, The Theory Imperative, Two Views of Information Technology and Tasks and Organizations, Conceptualizing Information Technology as Organization and Vice Versa, Individual Interactions with Information Technology in the Organizational Context, Understanding Managers' Media Choices: A Symbolic Interactionist Perspective, Opportunities for Strategic Information Manipulation Through New Information Technology, A Social Influence Model of Technology Use, Information Technology and Collective Behaviors, Communication Networks and New Media in Organizations, Understanding the Use of Group Decision Support Systems: The Theory of Adaptive Structuration, Toward a ''Critical Mass Theory of Interactive Media, Information Technology and Organizational Design, The Substitution of Communication Technologies for Organizational Structure in Research and Development, Telecommunications and Organizational Choice, Author and Subject Index.
700 1 _aFulk Janet
_91382
700 1 _aSteinfield Charles
_91383
942 _cBK
999 _c1036
_d1036